000 01004cam a2200289 a 4500
999 _c9010
_d9010
001 2050028
003 GBCCL
005 20241126110703.0
008 930713s1994 tnub b 001 0 eng
010 _a 93011779
020 _a0805410643 :
_c$24.99
040 _aDLC
_cDLC
_dDLC
050 0 0 _aBR146
_b.B2 1994
082 0 0 _a270
_220
_bBAK
100 1 _aBaker, Robert Andrew.
_91535
245 1 2 _aA summary of Christian history /
_cRobert A. Baker.
250 _aRev. /
_bby John M. Landers.
260 _aNashville, Tenn. :
_bBroadman & Holman Publishers,
_cc1994.
300 _axi, 435 p. :
_bmaps ;
_c24 cm.
504 _aIncludes bibliographical references (p. 411-415) and index.
650 0 _aChurch history.
_9117
700 1 _aLanders, John M.,
_d1941-
_91536
740 0 _aChristian history.
906 _a7
_bcbc
_corignew
_d1
_eocip
_f19
_gy-gencatlg
942 _2ddc
_cBK
_09